<?xml version="1.0" encoding="UTF-8"?><?xml-stylesheet type="text/xsl" href="static/style.xsl"?><OAI-PMH xmlns="http://www.openarchives.org/OAI/2.0/" xmlns:xsi="http://www.w3.org/2001/XMLSchema-instance" xsi:schemaLocation="http://www.openarchives.org/OAI/2.0/ http://www.openarchives.org/OAI/2.0/OAI-PMH.xsd"><responseDate>2026-06-03T10:36:53Z</responseDate><request verb="GetRecord" identifier="oai:riuma.uma.es:10630/17862" metadataPrefix="marc">https://riuma.uma.es/rest/oai/request</request><GetRecord><record><header><identifier>oai:riuma.uma.es:10630/17862</identifier><datestamp>2026-02-03T12:22:53Z</datestamp><setSpec>com_10630_2254</setSpec><setSpec>col_10630_37959</setSpec></header><metadata><record xmlns="http://www.loc.gov/MARC21/slim" xmlns:dcterms="http://purl.org/dc/terms/" xmlns:doc="http://www.lyncode.com/xoai" xmlns:xsi="http://www.w3.org/2001/XMLSchema-instance" xsi:schemaLocation="http://www.loc.gov/MARC21/slim http://www.loc.gov/standards/marcxml/schema/MARC21slim.xsd">
   <leader>00925njm 22002777a 4500</leader>
   <datafield ind2=" " ind1=" " tag="042">
      <subfield code="a">dc</subfield>
   </datafield>
   <datafield ind2=" " ind1=" " tag="720">
      <subfield code="a">Plaza-Gomáriz, Francisco de Asís</subfield>
      <subfield code="e">author</subfield>
   </datafield>
   <datafield ind2=" " ind1=" " tag="720">
      <subfield code="a">Cejudo-López, José Manuel</subfield>
      <subfield code="e">author</subfield>
   </datafield>
   <datafield ind2=" " ind1=" " tag="260">
      <subfield code="c">2019</subfield>
   </datafield>
   <datafield ind2=" " ind1=" " tag="520">
      <subfield code="a">Comparación experimental del comportamiento térmico de dos captadores solares térmicos, uno serpentín y otro parrilla.&#xd;
In the paper, two flat plate solar collectors were simultaneously tested in a side-by-side facility at the UMA, following the steady-state procedure proposed by the EN12975-2:2006 standard. Both collectors have been manufactured at the same date by the same company and belong to the same product range.  &#xd;
To demonstrate the relationship between the thermal performance of each collector and the mass flow rate, both collectors were tested for a total of seven flows, which covered all the technically possible flows in a real SDHW installation. Next, the measurement uncertainties were propagated and the different performance curves for each test were obtained, which allowed to have the three characteristic curve coefficients that are usually used to compare different collectors in terms of their operation (collector efficiency and linear and quadratic heat losses coefficients). The paper analyses the suitability of each type of absorber plate configuration and the influence of the mass flow rate. The paper recommends a type of collector depending on their working conditions.</subfield>
   </datafield>
   <datafield ind1="8" ind2=" " tag="024">
      <subfield code="a">https://hdl.handle.net/10630/17862</subfield>
   </datafield>
   <datafield tag="653" ind2=" " ind1=" ">
      <subfield code="a">Termodinámica -- Congresos</subfield>
   </datafield>
   <datafield tag="653" ind2=" " ind1=" ">
      <subfield code="a">Congresos y conferencias</subfield>
   </datafield>
   <datafield ind2="0" ind1="0" tag="245">
      <subfield code="a">Experimental comparison of serpentine and parallel-tubes flat plate collectors for different flow rates</subfield>
   </datafield>
</record>
</metadata></record></GetRecord></OAI-PMH>